Методика використистання зображальної наочності для навчання писемного мовлення на середньому етапі загальноосвітньої школи (англійська мова, 7 клас) (Запис № 281844)
[ простий вигляд ]
| 000 -LEADER | |
|---|---|
| fixed length control field | 02404nam a22001577a 4500 |
| 041 ## - LANGUAGE CODE | |
| Language code of text/sound track or separate title | ukr |
| 080 ## - UNIVERSAL DECIMAL CLASSIFICATION NUMBER | |
| Universal Decimal Classification number | 09 |
| 090 ## - LOCALLY ASSIGNED LC-TYPE CALL NUMBER (OCLC); LOCAL CALL NUMBER (OCLC) | |
| Local cutter number (OCLC) ; Book number/undivided call number, CALL (RLIN) | ОНИ |
| 100 ## - MAIN ENTRY--PERSONAL NAME | |
| Personal name | Онищук С. В. |
| 245 ## - TITLE STATEMENT | |
| Title | Методика використистання зображальної наочності для навчання писемного мовлення на середньому етапі загальноосвітньої школи (англійська мова, 7 клас) |
| 260 ## - PUBLICATION, DISTRIBUTION, ETC. (IMPRINT) | |
| Place of publication, distribution, etc | Острог |
| Name of publisher, distributor, etc | КАФ |
| Date of publication, distribution, etc | 2003 |
| 300 ## - PHYSICAL DESCRIPTION | |
| Extent | 45 |
| 520 ## - SUMMARY, ETC. | |
| Summary, etc | Розділ 1. Теоретичні аспекти навчання писемного мовлення використанням наочності на середньому етапі загальноосвітньої школи.<br/>1.1. Проблеми визначення ролі писемного мовлення при навчанні іноземної мови в школі.<br/>1.2. Психолінгвістичні особливості писемного мовлення.<br/>1.3. Методологічні аспекти використання зображальної наочності для розвитку умінь писемного мовлення.<br/>Розділ 2. Характеристика зображальної наочності для навчання писемного мовлення на середньому етапі школи.<br/>2.1. Роль зображальної наочності у процесі навчання писемного мовлення.<br/>2.2. Типи зображальної наочності для навчання писемного мовлення.<br/>Розділ 3. Методика використання зображальної наочності у системі вправ для розвитку вмінь писемного мовлення.<br/>3.1. Зміст системи вправ для розвитку вмінь писемного мовлення.<br/>3.2. Застосування зображальної наочності в системі вправ для навчання писемного мовлення.<br/>3.3. Фрагмент уроку для навчання письмового висловлювання по темі "Подорож" у 7 класі. |
| -- | методика, писемне мовлення, вправи |
| 650 ## - SUBJECT ADDED ENTRY--TOPICAL TERM | |
| Topical term or geographic name as entry element | Research Papers |
| 942 ## - ADDED ENTRY ELEMENTS (KOHA) | |
| Koha item type | Книги |
| Withdrawn status | Lost status | Source of classification or shelving scheme | Damaged status | Not for loan | Home library | Current library | Date acquired | Source of acquisition | Coded location qualifier | Cost, normal purchase price | Total Checkouts | Full call number | Barcode | Date last seen | Price effective from | Koha item type |
|---|---|---|---|---|---|---|---|---|---|---|---|---|---|---|---|---|
| Universal Decimal Classification | ВІЛ - Відділ іноземн. літератури НБ | ВІЛ - Відділ іноземн. літератури НБ | 08/08/2005 | Акт 03\01 | В11 | 1.00 | 09 | 208774 | 20/12/2021 | 01/09/2003 | Книги |